000 00510cam a2200181ua 4500
001 6912
008 140307n ii |||gr||||Z||||||asm
040 _cMAIN
082 _a657.2
245 _aHichap rakshan paddhoti :
_b tattwa aru prayog /
_cBy Pradip borah .
250 _a1st ed /
_bVol II .
260 _aGuwahati:
_bCouncil for higher secondary education,
_c1989.
300 _ax,348p.
653 _aAccounting
653 _aHichap rakshan paddhoti
700 _aBorah,Pradip,
_eAuthor.,
942 _cBK
999 _c6058
_d6058